000 00805cam a22002891 4500
001 8417905
003 OSt
005 20140310181647.0
008 740107s1959 nyua j 000 1 eng
010 _a 59002537
020 _a0448095025
035 _a(OCoLC)771074
040 _aDLC
_cOT
_dOCoLC
_dDLC
042 _apremarc
050 0 0 _aPZ 7
_b.K26 1959
082 _aKF
_bK25nd 1959
100 1 _aKeene, Carolyn
_94653
245 1 4 _aNancy drew mystery stories :
_bby: Keene, Carolyn
_cThe hidden staircase /
260 _aNew York:
_bGrosset & Dunlap,
_cc1959.
300 _a182 p.
_bill.
_c20 cm.
490 0 _aHer Nancy Drew mystery stories
541 _j1
562 _e1
650 _aFiction
_9746
906 _a7
_bcbc
_coclcrpl
_du
_encip
_f19
_gy-gencatlg
942 _2lcc
_cBK-KF
_kKF
999 _c923
_d923